| 000 | 00410nam a2200145Ia 4500 | ||
|---|---|---|---|
| 005 | 20250405155044.0 | ||
| 008 | 240331s9999 xx 000 0 und d | ||
| 082 |
_bSIT _a894 |
||
| 100 | _aSittampalam, S.K | ||
| 245 | 0 |
_aPandaya eelathil thamilar : _boru panmukapparvai |
|
| 260 |
_aJaffna _bJaffna University _c2000 |
||
| 300 | _a73 p ., | ||
| 500 | _aPandaiya ilathil tamilar - oru panmugappaarvai | ||
| 942 | _cL | ||
| 999 |
_c4217 _d4217 |
||